Lenguaje y Comunicación 7º Básico: texto para el estudiante
Guardat en:
| Autors principals: | , |
|---|---|
| Format: | Llibre |
| Idioma: | espanyol |
| Publicat: |
Santiago
Mare Nostrum
2009
|
| Edició: | 1a. ed |
| Matèries: | |
| Etiquetes: |
Afegir etiqueta
Sense etiquetes, Sigues el primer a etiquetar aquest registre!
|
MARC
| LEADER | 00000nam a2200000 a 4500 | ||
|---|---|---|---|
| 001 | UCG0429 | ||
| 003 | CL-VaPUC | ||
| 008 | 100325e20090000CL |||||||||||||||||spa|d | ||
| 020 | |a 9789562942386 | ||
| 082 | 0 | 4 | |a 372.6 |b GUA |2 21 |
| 100 | |a Guajardo Cofré, Marcela |e author |9 547847 | ||
| 700 | |a Guajardo Cofré, Verónica |e author |9 547848 | ||
| 245 | 1 | 0 | |a Lenguaje y Comunicación 7º Básico: texto para el estudiante |
| 250 | |a 1a. ed | ||
| 300 | |a 224 p | ||
| 942 | |c BK | ||
| 945 | |d 20100325 00:00:00 |a rbrito | ||
| 260 | |a Santiago |b Mare Nostrum |c 2009 | ||
| 650 | 0 | |a Educación lingüística |9 306506 | |
| 650 | 0 | |a Educación básica |9 224933 | |
| 650 | 0 | |a Libros de texto |9 270019 | |
| 650 | 0 | |a Métodos de enseñanza |9 270413 | |
| 583 | |a last modification |c 20170925 12:31:17 |k Rodrigo Vera | ||
| 999 | |c 340068 |d 340066 | ||
| 952 | |0 0 |1 0 |4 0 |6 372_600000000000000_GUA_2009 |7 0 |8 A |9 434453 |a BIBEDU |b BIBEDU |d 2019-11-22 |i 4641906 |o 372.6 GUA 2009 |p 4641906 |r 2019-11-22 |w 2019-11-22 |y BK |k EBA | ||
| 952 | |0 0 |1 0 |4 0 |6 372_600000000000000_GUA_2009 |7 0 |8 A |9 434454 |a BIBEDU |b BIBEDU |d 2019-11-22 |i 4641922 |o 372.6 GUA 2009 |p 4641922 |r 2019-11-22 |w 2019-11-22 |y BK |k EBA | ||
| 952 | |0 0 |1 0 |4 0 |6 372_600000000000000_GUA_2009 |7 0 |8 A |9 434455 |a BIBEDU |b BIBEDU |d 2019-11-22 |i 4641930 |o 372.6 GUA 2009 |p 4641930 |r 2019-11-22 |w 2019-11-22 |y BK |k EBA | ||
| 952 | |0 0 |1 0 |4 0 |6 372_600000000000000_GUA_2009 |7 0 |8 A |9 434456 |a BIBEDU |b BIBEDU |d 2019-11-22 |i 4641965 |o 372.6 GUA 2009 |p 4641965 |r 2019-11-22 |w 2019-11-22 |y BK |k EBA | ||
| 952 | |0 0 |1 0 |4 0 |6 372_600000000000000_GUA_2009 |7 0 |8 A |9 434457 |a BIBEDU |b BIBEDU |d 2019-11-22 |i 4641973 |o 372.6 GUA 2009 |p 4641973 |r 2019-11-22 |w 2019-11-22 |y BK |k EBA | ||
| 952 | |0 0 |1 0 |4 0 |6 372_600000000000000_GUA_2009 |7 0 |8 A |9 434458 |a BIBEDU |b BIBEDU |d 2019-11-22 |i 4641981 |o 372.6 GUA 2009 |p 4641981 |r 2019-11-22 |w 2019-11-22 |y BK |k EBA | ||